Coupes du Monde de Football: Sénégal - Statistiques

Statistiques générales
  • Ce quiz a été pris 196 fois
    158 depuis la dernière actualisation
  • Le résultat moyen est 9 sur 12
Statistiques - réponses
Réponse % Correct
France
98%
Angleterre
95%
Pays-Bas
89%
Japon
88%
Qatar
86%
Equateur
83%
Colombie
78%
Pologne
78%
Turquie
69%
Suède
61%
Uruguay
57%
Danemark
54%
Aucun quiz correspondant
Distribution des résultats
% des personnes avec chaque résultat
Percentile par nombre de réponses
Votre historique - résultats
Vous n’avez pas pris ce quiz depuis la dernière actualisation